[Event "SK KS Iserlohn 1 - Gütersloher SV 1"]
[Site "NRW-Klasse, Gruppe 2 2012/201"]
[Date "2013.02.17"]
[Round "6.6"]
[White "Kramps, Rene"]
[Black "Krueger, Tim"]
[Result "1/2-1/2"]
[WhiteElo "2010"]
[BlackElo "2030"]
[Annotator "Doe,John"]
[PlyCount "82"]
[EventDate "2013.??.??"]
[WhiteTeam "SK KS Iserlohn 1"]
[BlackTeam "Gütersloher SV 1"]

1. e4 c5 2. b4 cxb4 3. Bb2 d5 4. exd5 Qxd5 5. d4 e5 6. dxe5 Qxd1+ 7. Kxd1 Nc6
8. Bd3 Bc5 9. Ke1 Nge7 10. Nd2 O-O 11. Ngf3 $11 Ng6 12. h4 Nf4 13. Bf1 Bf5 14.
g3 Ne6 15. Bd3 Bxd3 16. cxd3 Rad8 17. Ke2 Ned4+ 18. Nxd4 Bxd4 19. Rab1 Nxe5 20.
Bxd4 Rxd4 21. Nb3 Rd5 22. d4 Nc6 23. Rhd1 Rfd8 24. Ke3 Re8+ 25. Kd3 Red8 26.
Ke3 a5 27. Rbc1 a4 28. Nc5 Nxd4 29. Nxa4 Nc2+ 30. Ke2 Re8+ 31. Kf1 Rxd1+ 32.
Rxd1 g6 33. Rd2 $11 Rc8 34. Nb6 Rc6 35. Nd5 Kf8 36. Ke2 Rd6 37. Rxc2 Rxd5 38.
Rb2 Rd4 39. Ke3 Rc4 40. Kd3 b5 41. Rc2 Rxc2 1/2-1/2

[Event "SK KS Iserlohn 1 - Gütersloher SV 1"]
[Site "NRW-Klasse, Gruppe 2 2012/201"]
[Date "2013.02.17"]
[Round "6.7"]
[White "Minosjan, Artur"]
[Black "Schwanbeck, Christoph"]
[Result "1/2-1/2"]
[WhiteElo "1985"]
[BlackElo "1957"]
[Annotator "Doe,John"]
[PlyCount "82"]
[EventDate "2013.??.??"]
[WhiteTeam "Gütersloher SV 1"]
[BlackTeam "SK KS Iserlohn 1"]

1. e4 d5 2. Nc3 dxe4 3. Nxe4 Qd5 4. Nc3 Qd6 5. Nf3 Nf6 6. d4 c6 7. h3 Bf5 8.
Bd3 Bg6 9. Qe2 Nbd7 10. Bd2 e6 11. O-O-O Be7 12. Rhe1 Bxd3 13. Qxd3 h6 14. Qe2
O-O-O 15. Ne5 Rhf8 16. f4 Nb6 17. g4 Qc7 18. Nxf7 Rxd4 19. Qxe6+ Qd7 20. Qxe7
Rxf7 21. Qxd7+ Rdxd7 22. f5 h5 23. g5 Nfd5 24. Re5 Nc4 25. Re8+ Kc7 26. Nxd5+
Rxd5 27. Bf4+ Kd7 28. Re4 b5 29. b3 Nb6 30. Rxd5+ Nxd5 31. c4 bxc4 32. bxc4
Nxf4 33. Rxf4 Kd6 34. f6 Ke5 $11 35. fxg7 Rxg7 36. Rf6 Rxg5 37. Rxc6 Kd4 38.
Ra6 Rg3 39. Rxa7 Rxh3 40. Rc7 Rc3+ 41. Kd2 Rxc4 1/2-1/2

[Event "SK KS Iserlohn 1 - Gütersloher SV 1"]
[Site "NRW-Klasse, Gruppe 2 2012/201"]
[Date "2013.02.17"]
[Round "6.8"]
[White "Glatzel, Jonas"]
[Black "Roth, Thorsten"]
[Result "0-1"]
[WhiteElo "2051"]
[BlackElo "1966"]
[PlyCount "56"]
[EventDate "2013.??.??"]
[WhiteTeam "SK KS Iserlohn 1"]
[BlackTeam "Gütersloher SV 1"]

1. e4 e6 2. d4 d5 3. Nd2 Nf6 4. e5 Nfd7 5. Ngf3 c5 6. c3 Nc6 7. Bd3 Qb6 8. O-O
cxd4 9. cxd4 Be7 10. Nb3 a5 11. a4 O-O 12. Bg5 f5 13. exf6 Bxf6 14. Re1 Nd8 15.
Bc2 Nf7 16. Qd3 g6 17. Bf4 Bg7 18. h4 Kh8 19. Kh1 Nf6 20. Nc5 Ng4 21. Be3 Nfh6
22. Qe2 Qd6 23. g3 Nxe3 24. Qxe3 Ng4 25. Qe2 e5 26. Rf1 b6 27. dxe5 Qxc5 28.
Bd3 Bb7 0-1

[Event "SG Niederkassel. 1 - SG Solingen 3"]
[Site "NRW-Klasse, Gruppe 2 2012/201"]
[Date "2013.02.17"]
[Round "6.1"]
[White "Kniest, Oliver"]
[Black "Stanetzek, Carsten"]
[Result "0-1"]
[WhiteElo "2253"]
[BlackElo "2185"]
[PlyCount "96"]
[EventDate "2013.??.??"]
[WhiteTeam "SG Solingen 3"]
[BlackTeam "SG Niederkassel. 1"]

1. d4 d5 2. c4 c6 3. Nf3 Nf6 4. e3 Bf5 5. cxd5 cxd5 6. Nc3 e6 7. Ne5 Nfd7 8.
Qb3 Nxe5 9. Qxb7 Nbd7 10. dxe5 Rb8 11. Qxa7 Bc5 12. Qa4 O-O 13. a3 Qe7 14. Be2
Nxe5 15. O-O h6 16. Qd1 Rfc8 17. b4 Bb6 18. Na4 Bc2 19. Nxb6 Bxd1 20. Nxc8 Rxc8
21. Rxd1 Rc2 22. Bd2 Nc4 23. Bxc4 dxc4 24. Rac1 Rxc1 25. Rxc1 Qd7 26. Bc3 Qa4
27. Be1 Qb3 28. Rc3 Qb1 29. Kf1 Kf8 30. f3 f5 31. Kf2 Ke7 32. Bd2 e5 33. Rc1
Qa2 34. Ke1 Kd6 35. a4 e4 36. fxe4 fxe4 37. a5 Kc6 38. Kd1 Kb5 39. Rc2 Qa1+ 40.
Rc1 Qe5 41. h3 Qg5 42. Ra1 Qf6 43. Ra3 Qb2 44. Bc1 Qxg2 45. a6 c3 46. a7 Qf1+
47. Kc2 Qd3+ 48. Kb3 Qb1+ 0-1

[Event "SG Niederkassel. 1 - SG Solingen 3"]
[Site "NRW-Klasse, Gruppe 2 2012/201"]
[Date "2013.02.17"]
[Round "6.2"]
[White "Riedel, Holger"]
[Black "Gupta, Milon"]
[Result "1/2-1/2"]
[WhiteElo "2171"]
[BlackElo "2226"]
[PlyCount "52"]
[EventDate "2013.??.??"]
[WhiteTeam "SG Niederkassel. 1"]
[BlackTeam "SG Solingen 3"]

1. Nf3 Nf6 2. d4 g6 3. Bf4 Bg7 4. e3 O-O 5. Be2 c5 6. c3 b6 7. O-O Bb7 8. a4
Nc6 9. h3 d5 10. Ne5 Nd7 11. Nxc6 Bxc6 12. Nd2 e5 13. dxe5 Nxe5 14. Nf3 Qe7 15.
Nxe5 Bxe5 16. Bxe5 Qxe5 17. Bf3 Rfd8 18. Qd2 Qf6 19. Rfd1 d4 20. Bxc6 dxc3 21.
Qxc3 Qxc6 22. Qc4 Qf6 23. b3 Rxd1+ 24. Rxd1 Rd8 25. Rd5 Rxd5 26. Qxd5 Kg7
1/2-1/2

[Event "SG Niederkassel. 1 - SG Solingen 3"]
[Site "NRW-Klasse, Gruppe 2 2012/201"]
[Date "2013.02.17"]
[Round "6.3"]
[White "Hobusch, Alexander"]
[Black "Mende, Andreas"]
[Result "1-0"]
[WhiteElo "2188"]
[BlackElo "2133"]
[PlyCount "79"]
[EventDate "2013.??.??"]
[WhiteTeam "SG Solingen 3"]
[BlackTeam "SG Niederkassel. 1"]

1. d4 Nf6 2. Nf3 g6 3. c4 Bg7 4. Nc3 d5 5. Bg5 Ne4 6. cxd5 Nxg5 7. Nxg5 e6 8.
Qd2 exd5 9. Qe3+ Kf8 10. Qf4 Bf6 11. h4 h6 12. Nf3 Be6 13. e3 Kg7 14. Bd3 c5
15. O-O cxd4 16. Nxd4 Nc6 17. Nxe6+ fxe6 18. Qg3 Ne5 19. Bxg6 Nxg6 20. h5 Qe8
21. Nb5 Kh7 22. Nc7 Qf7 23. hxg6+ Qxg6 24. Qxg6+ Kxg6 25. Nxa8 Rxa8 26. Rac1
Be5 27. b3 Rf8 28. Rfd1 Kf5 29. Kf1 Rg8 30. g3 h5 31. Ke2 Kg6 32. Rh1 a6 33.
Rh4 Bf6 34. Rb4 b5 35. Rc6 e5 36. Rxa6 Rb8 37. a4 Rc8 38. Rxb5 Rc2+ 39. Kd1
Rxf2 40. Rbb6 1-0

[Event "SG Niederkassel. 1 - SG Solingen 3"]
[Site "NRW-Klasse, Gruppe 2 2012/201"]
[Date "2013.02.17"]
[Round "6.4"]
[White "Bussard, Christian"]
[Black "Neumair, Jerome"]
[Result "0-1"]
[WhiteElo "2112"]
[BlackElo "2093"]
[Annotator "Doe,John"]
[PlyCount "120"]
[EventDate "2013.??.??"]
[WhiteTeam "SG Niederkassel. 1"]
[BlackTeam "SG Solingen 3"]

1. d4 e6 2. Nf3 d5 3. Bf4 Nf6 4. e3 c5 5. c3 Nc6 6. Nbd2 Bd6 7. Bg3 O-O 8. Bd3
Qe7 9. Ne5 Nd7 10. Nxc6 bxc6 11. Qa4 Bb7 12. Nf3 cxd4 13. exd4 e5 14. dxe5 Nc5
15. Qc2 Nxd3+ 16. Qxd3 f6 17. O-O fxe5 18. Nxe5 Rae8 19. Rfe1 Bc5 20. Nf3 Qf6
21. Re2 Bc8 22. Rxe8 Rxe8 23. Re1 Rxe1+ 24. Nxe1 Bf5 25. Qe2 Qe6 26. Qxe6+ Bxe6
27. Be5 Bb6 28. Kf1 Kf7 29. Ke2 g6 30. Nd3 Bc8 31. Bd4 Ke6 32. Ke3 Kf5 33. h3
h5 34. f4 g5 35. fxg5 Kxg5 36. b4 Ba6 37. a4 Kh4 38. g4 hxg4 39. hxg4 Bc7 40.
Bxa7 Kxg4 41. Nc5 Bc8 42. b5 cxb5 43. axb5 Be5 44. Kd2 Bd6 45. Nb3 Kf5 46. b6
Ba6 47. Kc2 Ke4 48. Bb8 Bf8 49. Bc7 Be7 50. Nd4 Bc5 51. Ne6 Be3 $11 52. Nd8 d4
53. c4 d3+ 54. Kc3 d2 55. Kc2 Bxc4 56. b7 Be2 57. b8=Q d1=Q+ 58. Kb2 Bc1+ 59.
Ka1 Qa4+ 60. Kb1 Bd3+ 0-1

[Event "SG Niederkassel. 1 - SG Solingen 3"]
[Site "NRW-Klasse, Gruppe 2 2012/201"]
[Date "2013.02.17"]
[Round "6.5"]
[White "Peschel, Andreas"]
[Black "Rybarczyk, Klaus"]
[Result "0-1"]
[WhiteElo "2156"]
[BlackElo "2088"]
[PlyCount "74"]
[EventDate "2013.??.??"]
[WhiteTeam "SG Solingen 3"]
[BlackTeam "SG Niederkassel. 1"]

1. d4 Nf6 2. c4 g6 3. Nc3 Bg7 4. e4 d6 5. f4 O-O 6. Nf3 Na6 7. Bd3 e5 8. dxe5
dxe5 9. Nxe5 Nc5 10. Bc2 Qxd1+ 11. Kxd1 c6 12. Be3 Ne6 13. Ke2 Re8 14. g3 Bf8
15. Rhe1 Nc5 16. Kf3 Rxe5 17. fxe5 Ng4 18. Kg2 Nxe3+ 19. Rxe3 Bg7 20. b4 Na6
21. a3 Bxe5 22. Rd1 Be6 23. c5 Nc7 24. Ne2 a5 25. Red3 Kg7 26. Kf3 h5 27. Ke3
Na6 28. Nf4 Bc4 29. Rd7 axb4 30. Bd3 Bb3 31. Rb1 Nxc5 32. Rxb3 Nxd7 33. axb4
Ra2 34. Ne2 Bc7 35. Nc3 Bb6+ 36. Kf4 Rf2+ 37. Kg5 f6+ 0-1

[Event "SG Niederkassel. 1 - SG Solingen 3"]
[Site "NRW-Klasse, Gruppe 2 2012/201"]
[Date "2013.02.17"]
[Round "6.6"]
[White "Wilke, Christopher"]
[Black "Auer, Martin"]
[Result "1-0"]
[WhiteElo "1988"]
[BlackElo "2172"]
[PlyCount "71"]
[EventDate "2013.??.??"]
[WhiteTeam "SG Niederkassel. 1"]
[BlackTeam "SG Solingen 3"]

1. d4 g6 2. c4 Bg7 3. Nf3 Nf6 4. Nc3 O-O 5. e4 d6 6. Be2 Nbd7 7. O-O e5 8. dxe5
dxe5 9. Qc2 c6 10. h3 Nh5 11. Be3 Nf4 12. Rad1 Re8 13. b4 Qe7 14. c5 Nxe2+ 15.
Nxe2 a5 16. a3 Nf8 17. Ng3 Ne6 18. Rd6 Nc7 19. Rfd1 Nb5 20. R6d3 axb4 21. axb4
Be6 22. Ng5 Bc8 23. Qc1 h6 24. Nf3 Kh7 25. h4 Bg4 26. h5 gxh5 27. Nf5 Bxf5 28.
exf5 e4 29. Rd7 Qf6 30. Nd4 Nxd4 31. Bxd4 Qxf5 32. Bxg7 Kxg7 33. R1d6 Qg5 34.
Qc3+ Re5 35. Re6 Rd8 36. Rxe5 1-0

[Event "SG Niederkassel. 1 - SG Solingen 3"]
[Site "NRW-Klasse, Gruppe 2 2012/201"]
[Date "2013.02.17"]
[Round "6.7"]
[White "Blasek, Ralph"]
[Black "Guelsen, Taylan"]
[Result "1/2-1/2"]
[WhiteElo "2132"]
[BlackElo "2047"]
[PlyCount "135"]
[EventDate "2013.??.??"]
[WhiteTeam "SG Solingen 3"]
[BlackTeam "SG Niederkassel. 1"]

1. e4 c5 2. Nf3 Nc6 3. c3 Nf6 4. Bd3 e5 5. O-O Be7 6. Bc2 d6 7. d4 cxd4 8. h3
dxc3 9. Nxc3 O-O 10. Be3 Be6 11. Qe2 Nb4 12. Bb1 Qa5 13. Ng5 Bd7 14. a3 h6 15.
Nxf7 Kxf7 16. axb4 Qxb4 17. Ba2+ Kg6 18. Bd2 Qb6 19. Bd5 Bc6 20. Be6 Kh7 21.
Be3 Qd8 22. Qd3 a6 23. f4 Kh8 24. Rf2 b5 25. b4 Nh5 26. Bd5 Bxd5 27. Nxd5 exf4
28. Bb6 Qd7 29. Bd4 Bh4 30. Rf3 Qc6 31. Raf1 Bg5 32. h4 Bxh4 33. Rh3 Bg5 34.
Rxh5 Qe8 35. Qf3 Rc8 36. Rxg5 hxg5 37. Qh3+ Kg8 38. Qxc8 Qxc8 39. Ne7+ Kh7 40.
Nxc8 Rxc8 41. e5 dxe5 42. Bxe5 Rc4 43. Bd6 Kg6 44. Ra1 Rc6 45. Rd1 Kf5 46. Bc5
Ke6 47. Ra1 g4 48. Kf2 g5 49. Re1+ Kf5 50. Rd1 a5 51. Rd5+ Ke4 52. Rxg5 axb4
53. Bxb4 Rc2+ 54. Kg1 Rb2 55. Bc3 Rb1+ 56. Kf2 b4 57. Rb5 b3 58. Bg7 Kd3 59.
Rd5+ Kc2 60. Rg5 g3+ 61. Ke2 Rg1 62. Rc5+ Kb1 63. Kf3 Rf1+ 64. Kg4 Rf2 65. Rc3
b2 66. Rb3 Rxg2 67. Kxf4 Ka2 68. Rxb2+ 1/2-1/2

[Event "SG Niederkassel. 1 - SG Solingen 3"]
[Site "NRW-Klasse, Gruppe 2 2012/201"]
[Date "2013.02.17"]
[Round "6.8"]
[White "Groß, Werner"]
[Black "Baciu, Diana"]
[Result "0-1"]
[WhiteElo "2120"]
[BlackElo "2267"]
[PlyCount "90"]
[EventDate "2013.??.??"]
[WhiteTeam "SG Niederkassel. 1"]
[BlackTeam "SG Solingen 3"]

1. c4 e5 2. Nc3 Nf6 3. g3 d5 4. cxd5 Nxd5 5. Bg2 Nb6 6. d3 Be7 7. Nf3 Nc6 8.
O-O Be6 9. a3 f6 10. b4 O-O 11. Bb2 a5 12. b5 Nd4 13. Nd2 c6 14. bxc6 Nxc6 15.
Na4 Nd5 16. Rc1 Bf7 17. Ne4 Nd4 18. e3 Nb5 19. Nec3 Nbxc3 20. Nxc3 Nxc3 21.
Rxc3 Qb6 22. Qd2 Rac8 23. Rfc1 Rxc3 24. Rxc3 a4 25. Qc1 Bd6 26. Bf3 Bb3 27. Rc8
Qb5 28. d4 exd4 29. Bxd4 Bxa3 30. Qc7 Bd5 31. Rxf8+ Bxf8 32. Bxd5+ Qxd5 33. Qb6
a3 34. h4 h6 35. Kh2 Kh8 36. Kg1 a2 37. Qb2 b5 38. Kf1 Qc4+ 39. Kg2 b4 40. g4
b3 41. g5 fxg5 42. hxg5 Qc2 43. gxh6 Qxb2 44. Bxb2 Kh7 45. e4 Ba3 0-1

[Event "SK Herne-Sodingen 1 - SF Neuenkirchen 1"]
[Site "NRW-Klasse, Gruppe 2 2012/201"]
[Date "2013.02.17"]
[Round "6.1"]
[White "Muschik, Benedikt"]
[Black "Langers, Alexander"]
[Result "1-0"]
[WhiteElo "2271"]
[BlackElo "2156"]
[PlyCount "69"]
[EventDate "2013.??.??"]
[WhiteTeam "SF Neuenkirchen 1"]
[BlackTeam "SK Herne-Sodingen 1"]

1. d4 d5 2. Bf4 Nf6 3. e3 e6 4. Nf3 Bd6 5. Bg3 O-O 6. Nbd2 c5 7. c3 Nc6 8. Bd3
Qe7 9. Ne5 Bxe5 10. dxe5 Nd7 11. f4 f6 12. Qh5 g6 13. exf6 Nxf6 14. Qg5 Bd7 15.
O-O Rad8 16. Bh4 Bc8 17. Rad1 Qg7 18. e4 Rde8 19. e5 Nd7 20. Qg4 c4 21. Bc2 Nc5
22. Bg5 Ne7 23. Qh4 Nf5 24. Bxf5 Rxf5 25. Bf6 Qc7 26. g4 Rxf6 27. exf6 Nd3 28.
Nf3 Rf8 29. Ng5 Rxf6 30. Nxh7 Rf7 31. Nf6+ Kf8 32. g5 Bd7 33. f5 Qc5+ 34. Kh1
exf5 35. Rde1 1-0

[Event "SK Herne-Sodingen 1 - SF Neuenkirchen 1"]
[Site "NRW-Klasse, Gruppe 2 2012/201"]
[Date "2013.02.17"]
[Round "6.2"]
[White "Wickenfeld, Stefan"]
[Black "Haves, Reinhard"]
[Result "1/2-1/2"]
[WhiteElo "2073"]
[BlackElo "2174"]
[PlyCount "65"]
[EventDate "2013.??.??"]
[WhiteTeam "SK Herne-Sodingen 1"]
[BlackTeam "SF Neuenkirchen 1"]

1. d4 g6 2. Nf3 Bg7 3. c4 d6 4. e4 Bg4 5. Be2 Nc6 6. Be3 e5 7. d5 Bxf3 8. Bxf3
Nd4 9. Nd2 c5 10. dxc6 bxc6 11. Qa4 Ne7 12. Bxd4 exd4 13. e5 O-O 14. exd6 Qxd6
15. O-O d3 16. Rad1 Rab8 17. Nb3 Bxb2 18. c5 Qd7 19. Be4 Rfd8 20. Rxd3 Qe6 21.
Re3 Nd5 22. Bxd5 Qxd5 23. Rfe1 Kg7 24. g3 Rd7 25. Qe4 Rb5 26. Qxd5 Rxd5 27. Re7
Ba3 28. Rxa7 Bxc5 29. Nxc5 Rbxc5 30. Re3 Ra5 31. Rc7 Rf5 32. a3 Rac5 33. Kg2
1/2-1/2

[Event "SK Herne-Sodingen 1 - SF Neuenkirchen 1"]
[Site "NRW-Klasse, Gruppe 2 2012/201"]
[Date "2013.02.17"]
[Round "6.3"]
[White "Buendgen, Achim"]
[Black "Waldschmidt, Georg"]
[Result "1/2-1/2"]
[WhiteElo "2216"]
[BlackElo "2208"]
[PlyCount "96"]
[EventDate "2013.??.??"]
[WhiteTeam "SF Neuenkirchen 1"]
[BlackTeam "SK Herne-Sodingen 1"]

1. e4 c5 2. b3 e6 3. Bb2 a6 4. Nf3 Nc6 5. d4 cxd4 6. Nxd4 Qf6 7. Be2 Bc5 8. c3
e5 9. Nf3 Qg6 10. O-O Nf6 11. Nbd2 d6 12. b4 Ba7 13. Nc4 O-O 14. Bd3 Bh3 15.
Ne1 Rad8 16. Ne3 d5 17. Nxd5 Nxd5 18. exd5 e4 19. Be2 Ne5 20. Kh1 Bg4 21. f3
exf3 22. Bxf3 Bf5 23. Bh5 Qb6 24. Bf3 Nc4 25. Bc1 Bg6 26. Nc2 Qf6 27. Nd4 Qh4
28. g3 Qe7 29. Bf4 Rfe8 30. Re1 Qf6 31. Qb3 Bxd4 32. cxd4 b5 33. Rxe8+ Rxe8 34.
Qc3 Re3 35. Re1 Rxe1+ 36. Qxe1 h6 37. Qc3 Bb1 38. a4 g5 39. Be5 Qf5 40. g4 Qg6
41. axb5 axb5 42. Qa1 Nxe5 43. dxe5 Qd3 44. Kg2 Qd2+ 45. Kh3 Qe3 46. Kg2 Qd2+
47. Kh3 Qe3 48. Kg2 Qd2+ 1/2-1/2

[Event "SK Herne-Sodingen 1 - SF Neuenkirchen 1"]
[Site "NRW-Klasse, Gruppe 2 2012/201"]
[Date "2013.02.17"]
[Round "6.4"]
[White "Becker, Joerg"]
[Black "Seegers, Hendrik"]
[Result "1-0"]
[WhiteElo "2170"]
[BlackElo "2178"]
[PlyCount "135"]
[EventDate "2013.??.??"]
[WhiteTeam "SK Herne-Sodingen 1"]
[BlackTeam "SF Neuenkirchen 1"]

1. d4 d5 2. Nf3 e6 3. e3 Nf6 4. c4 Be7 5. Nc3 O-O 6. b3 b6 7. Bd3 Bb7 8. Bb2
Nbd7 9. O-O dxc4 10. bxc4 c5 11. Qe2 Rc8 12. Rfd1 Qc7 13. Ne5 Rfd8 14. f4 Qb8
15. a3 Qa8 16. Nxd7 Rxd7 17. f5 Rcd8 18. fxe6 fxe6 19. Rf1 Kh8 20. d5 exd5 21.
cxd5 Bxd5 22. Bf5 Bxg2 23. Rf2 Rd2 24. Qxd2 Rxd2 25. Rxd2 Bf3 26. Rf1 Bh5 27.
Rg2 Qe8 28. Nd5 Bg6 29. Nxe7 Qxe7 30. e4 c4 31. Rg3 Qc5+ 32. Rf2 Nh5 33. Rgf3
Nf6 34. e5 Nd5 35. Be6 h6 36. Rf8+ Kh7 37. Bg8+ Kh8 38. Bxd5+ Kh7 39. Bg8+ Kh8
40. Bxc4+ Kh7 41. Bg8+ Kh8 42. Ra8 Qe3 43. Bf7+ Kh7 44. Bxg6+ Kxg6 45. Raf8 Kh5
46. R8f5+ g5 47. R5f3 Qe1+ 48. Rf1 Qe2 49. Rh3+ Kg4 50. Rg3+ Kh4 51. Bc3 Qc4
52. Be1 Kh5 53. Bf2 Kg6 54. Re1 Qe6 55. h3 Kf7 56. Rc3 a5 57. Rf3+ Kg7 58. Kh2
h5 59. Rg3 Kg6 60. h4 g4 61. Rd3 Kg7 62. Bg3 Qa2+ 63. Kg1 Qe6 64. Rc1 Qf7 65.
e6 Qf5 66. Re3 Qd5 67. e7 Qd2 68. Rce1 1-0

[Event "SK Herne-Sodingen 1 - SF Neuenkirchen 1"]
[Site "NRW-Klasse, Gruppe 2 2012/201"]
[Date "2013.02.17"]
[Round "6.5"]
[White "Beckmann, Klaus"]
[Black "Trzaska, Peter"]
[Result "1/2-1/2"]
[WhiteElo "2082"]
[BlackElo "2075"]
[PlyCount "27"]
[EventDate "2013.??.??"]
[WhiteTeam "SF Neuenkirchen 1"]
[BlackTeam "SK Herne-Sodingen 1"]

1. e4 c6 2. d4 d5 3. exd5 cxd5 4. Bd3 Nc6 5. c3 e5 6. dxe5 Nxe5 7. Nf3 Nxd3+ 8.
Qxd3 Nf6 9. O-O Be7 10. Bg5 O-O 11. Nbd2 h6 12. Bh4 Be6 13. Rfe1 Re8 14. Nd4
1/2-1/2

[Event "SK Herne-Sodingen 1 - SF Neuenkirchen 1"]
[Site "NRW-Klasse, Gruppe 2 2012/201"]
[Date "2013.02.17"]
[Round "6.6"]
[White "Leveikina, Jevgenija"]
[Black "Winnemoeller, Bernd"]
[Result "1-0"]
[WhiteElo "1994"]
[BlackElo "1975"]
[PlyCount "93"]
[EventDate "2013.??.??"]
[WhiteTeam "SK Herne-Sodingen 1"]
[BlackTeam "SF Neuenkirchen 1"]

1. d4 Nf6 2. Nf3 d5 3. c4 c6 4. cxd5 cxd5 5. Nc3 e6 6. Bf4 Ne4 7. e3 Qa5 8. Nd2
Bd7 9. Ndxe4 dxe4 10. Be2 Bb4 11. O-O Bxc3 12. bxc3 Qxc3 13. Bd6 Bc6 14. Rb1
Qa5 15. Bc4 Nd7 16. Qg4 Qf5 17. Qxf5 exf5 18. d5 Ba4 19. Rxb7 Nb6 20. Bb3 Bxb3
21. axb3 O-O-O 22. Rc7+ Kb8 23. Bg3 Rxd5 24. Rxf7+ Ka8 25. Ra1 a5 26. Rxg7 Rhd8
27. h4 Rd1+ 28. Rxd1 Rxd1+ 29. Kh2 Rd3 30. Rxh7 Rxb3 31. Rc7 Rb5 32. h5 f4 33.
Bxf4 Rxh5+ 34. Kg3 a4 35. Bd6 Ra5 36. Rc5 Ra6 37. Rc2 Kb7 38. Rc7+ Ka8 39. Rc2
Kb7 40. Ba3 Nd5 41. Rc4 Rg6+ 42. Kh2 Nf6 43. Rxa4 Kc6 44. Kg1 Kb5 45. Rb4+ Kc6
46. Rd4 Rg4 47. Rd6+ 1-0

[Event "SK Herne-Sodingen 1 - SF Neuenkirchen 1"]
[Site "NRW-Klasse, Gruppe 2 2012/201"]
[Date "2013.02.17"]
[Round "6.7"]
[White "Hachmeister, Dirk"]
[Black "Haberhausen, Ansgar"]
[Result "1/2-1/2"]
[WhiteElo "2180"]
[BlackElo "2033"]
[PlyCount "72"]
[EventDate "2013.??.??"]
[WhiteTeam "SF Neuenkirchen 1"]
[BlackTeam "SK Herne-Sodingen 1"]

1. Nf3 d5 2. c4 c6 3. b3 Bf5 4. Bb2 Nf6 5. d3 e6 6. Nbd2 Nbd7 7. g3 Be7 8. Bg2
O-O 9. O-O Qb6 10. Qc2 Rfd8 11. a3 Rac8 12. h3 h6 13. Rad1 c5 14. Qb1 Qc7 15.
cxd5 exd5 16. e4 Bh7 17. Rfe1 dxe4 18. dxe4 Nf8 19. Qa1 Ne6 20. a4 b6 21. Be5
Qc6 22. Nh4 Qe8 23. Nf5 Bxf5 24. exf5 Nd4 25. Bxf6 gxf6 26. Qb1 Qd7 27. Nf3 Bf8
28. Nxd4 cxd4 29. Bf1 Rc5 30. Re4 Qxf5 31. Rg4+ Kh8 32. Qxf5 Rxf5 33. Rgxd4
Rxd4 34. Rxd4 Bc5 35. Rd2 Rf3 36. Bc4 Rxg3+ 1/2-1/2

[Event "SK Herne-Sodingen 1 - SF Neuenkirchen 1"]
[Site "NRW-Klasse, Gruppe 2 2012/201"]
[Date "2013.02.17"]
[Round "6.8"]
[White "Scheibe, Werner"]
[Black "Sommer, Uwe"]
[Result "0-1"]
[WhiteElo "1864"]
[BlackElo "2028"]
[PlyCount "90"]
[EventDate "2013.??.??"]
[WhiteTeam "SK Herne-Sodingen 1"]
[BlackTeam "SF Neuenkirchen 1"]

1. e4 e5 2. Nf3 Nc6 3. Bb5 a6 4. Ba4 Nf6 5. O-O b5 6. Bb3 Bc5 7. c3 d6 8. d4
exd4 9. cxd4 Bb6 10. h3 O-O 11. Nc3 h6 12. Nd5 Nxd5 13. Bxd5 Bb7 14. Be3 Re8
15. Rc1 Na5 16. Bxb7 Nxb7 17. Qd3 Qe7 18. Nd2 c5 19. d5 c4 20. Qe2 Bxe3 21.
Qxe3 Nc5 22. b3 cxb3 23. axb3 f5 24. f3 b4 25. Rfe1 Qf6 26. Rc4 a5 27. Qd4 Qh4
28. Re2 Rac8 29. Qf2 Qf6 30. Qd4 Qg5 31. Qf2 Nd3 32. h4 Qf6 33. Qd4 Rxc4 34.
Qxc4 Nf4 35. Rf2 Qxh4 36. Qc6 Qe7 37. Nc4 Rd8 38. Qb6 Qg5 39. Rc2 fxe4 40. fxe4
Qf6 41. Ne3 Re8 42. Ng4 Qg5 43. Nh2 Rxe4 44. Qxd6 Re1+ 45. Kf2 Nd3+ 0-1

[Event "SG Solingen 3 - Oberhausener SV 1"]
[Site "NRW-Klasse, Gruppe 2 2012/201"]
[Date "2013.03.10"]
[Round "7.1"]
[White "Hort, Vlastimil"]
[Black "Kniest, Oliver"]
[Result "1-0"]
[WhiteElo "2414"]
[BlackElo "2253"]
[PlyCount "53"]
[EventDate "2013.??.??"]
[WhiteTeam "Oberhausener SV 1"]
[BlackTeam "SG Solingen 3"]

1. e4 e5 2. Nf3 Nc6 3. Nc3 Nf6 4. Bb5 Bc5 5. Bxc6 dxc6 6. d3 O-O 7. h3 Re8 8.
Ne2 Bf8 9. b3 c5 10. Bb2 Nd7 11. O-O g6 12. Nh2 Bg7 13. Qd2 Qe7 14. f4 f6 15.
Ng4 c6 16. Rf2 h5 17. Ne3 Nf8 18. Raf1 exf4 19. Nxf4 f5 20. Bxg7 Kxg7 21. Nxh5+
gxh5 22. Rxf5 Nh7 23. Rxh5 Rf8 24. Qc3+ Kg8 25. Rxf8+ Nxf8 26. Nf5 Bxf5 27.
Qh8+ 1-0

[Event "SG Solingen 3 - Oberhausener SV 1"]
[Site "NRW-Klasse, Gruppe 2 2012/201"]
[Date "2013.03.10"]
[Round "7.2"]
[White "Gupta, Milon"]
[Black "Becker, Marcel"]
[Result "0-1"]
[WhiteElo "2226"]
[BlackElo "2332"]
[PlyCount "126"]
[EventDate "2013.??.??"]
[WhiteTeam "SG Solingen 3"]
[BlackTeam "Oberhausener SV 1"]

1. d4 d5 2. c4 c6 3. Nf3 Nf6 4. Qc2 dxc4 5. Qxc4 Bf5 6. g3 e6 7. Bg2 Be7 8. O-O
O-O 9. e3 Nbd7 10. Qe2 Qc7 11. Nc3 Ne4 12. Nh4 Nxc3 13. bxc3 Bxh4 14. gxh4 e5
15. e4 Be6 16. f4 f6 17. Ba3 Rfe8 18. fxe5 fxe5 19. d5 Bf7 20. c4 c5 21. Bc1
Qd6 22. Kh1 Rf8 23. Bd2 h6 24. h5 Nf6 25. Bf3 Qd7 26. Rg1 Kh8 27. Rg3 Rg8 28.
Rag1 Raf8 29. Qe3 Bxh5 30. Bxh5 Nxh5 31. Rg4 Qe7 32. Qh3 Nf4 33. Bxf4 Rxf4 34.
Qg2 Rxg4 35. Qxg4 Rf8 36. Qg3 Rf4 37. Qg6 Rf6 38. Qg3 Kg8 39. Qd3 Qd6 40. Qg3
Rf7 41. Qg4 b6 42. Qc8+ Kh7 43. Qg4 Qf6 44. Rd1 Qf3+ 45. Qxf3 Rxf3 46. a4 Kg8
47. a5 Kf8 48. axb6 axb6 49. Rb1 Re3 50. Rxb6 Rxe4 51. Re6 Rxc4 52. Rxe5 Rd4
53. d6 c4 54. Rc5 Kf7 55. Rc7+ Ke6 56. Rxg7 Rxd6 57. Kg2 Kd5 58. Kf3 Kd4 59.
Ke2 Kc3 60. Ke1 Kc2 61. Rg2+ Kc1 62. Rg4 Re6+ 63. Kf2 c3 0-1

[Event "SG Solingen 3 - Oberhausener SV 1"]
[Site "NRW-Klasse, Gruppe 2 2012/201"]
[Date "2013.03.10"]
[Round "7.3"]
[White "Kaufeld, Juergen"]
[Black "Hobusch, Alexander"]
[Result "1/2-1/2"]
[WhiteElo "2296"]
[BlackElo "2188"]
[PlyCount "47"]
[EventDate "2013.??.??"]
[WhiteTeam "Oberhausener SV 1"]
[BlackTeam "SG Solingen 3"]

1. d4 d5 2. c4 e6 3. Nf3 Nf6 4. g3 dxc4 5. Bg2 Nc6 6. O-O Rb8 7. Nc3 b5 8. Ne5
Nxe5 9. dxe5 Nd7 10. Bc6 a6 11. Qd4 Bb7 12. Bxb7 Rxb7 13. Rd1 c5 14. Qg4 Qc7
15. Bf4 h5 16. Qf3 Be7 17. a4 bxa4 18. h4 Rxb2 19. Rxa4 O-O 20. Qxh5 Qc6 21.
Qg4 Kh8 22. Qh5+ Kg8 23. Qg4 Kh8 24. Qh5+ 1/2-1/2

[Event "SG Solingen 3 - Oberhausener SV 1"]
[Site "NRW-Klasse, Gruppe 2 2012/201"]
[Date "2013.03.10"]
[Round "7.4"]
[White "Hubert, Ralf"]
[Black "Litwak, Aleksej"]
[Result "1/2-1/2"]
[WhiteElo "2252"]
[BlackElo "2214"]
[PlyCount "42"]
[EventDate "2013.??.??"]
[WhiteTeam "SG Solingen 3"]
[BlackTeam "Oberhausener SV 1"]

1. d4 Nf6 2. c4 e6 3. Nc3 Bb4 4. a3 Bxc3+ 5. bxc3 c5 6. e3 d5 7. cxd5 Nxd5 8.
dxc5 Qa5 9. e4 Nf6 10. Qb3 O-O 11. Be3 Nfd7 12. Bb5 Qc7 13. Ne2 Nxc5 14. Qc4 b6
15. Bxc5 bxc5 16. Rd1 a6 17. Ba4 Bd7 18. O-O Bb5 19. Bxb5 axb5 20. Qxb5 Rxa3
21. Rd2 Ra5 1/2-1/2

[Event "SG Solingen 3 - Oberhausener SV 1"]
[Site "NRW-Klasse, Gruppe 2 2012/201"]
[Date "2013.03.10"]
[Round "7.5"]
[White "Nissen, Claus"]
[Black "Neumair, Jerome"]
[Result "1-0"]
[WhiteElo "2144"]
[BlackElo "2083"]
[PlyCount "51"]
[EventDate "2013.??.??"]
[WhiteTeam "Oberhausener SV 1"]
[BlackTeam "SG Solingen 3"]

1. e4 e6 2. d4 d5 3. Nd2 Nc6 4. c3 e5 5. Qe2 Be7 6. dxe5 Nxe5 7. Ngf3 Nxf3+ 8.
gxf3 c6 9. Nb3 Nf6 10. Rg1 dxe4 11. fxe4 O-O 12. Bh6 Ne8 13. Qe3 Kh8 14. Bf4
Qb6 15. Qg3 Be6 16. Be3 c5 17. O-O-O a5 18. Nd4 Bxa2 19. Nf5 Qf6 20. Rd7 Bd8
21. Bxc5 Rg8 22. Bd4 Qe6 23. Rd6 Qxe4 24. Bd3 Qxf5 25. Bxf5 Nxd6 26. Bxg7+ 1-0